[Event "Druzynowe Mistrzostwa Polski Juniorow - Ekstraliga 2018"]
[Site "Kudowa-Zdroj"]
[Date "1899-12-30"]
[Round "2.22"]
[White "Czernek, Tymon"]
[Black "Seemann, Jakub"]
[Result "1-0"]
[WhiteTitle "I++"]
[BlackTitle "I"]
[WhiteElo "1949"]
[BlackElo "1814"]

1. e4 c5 2. d3 d6 3. Nf3 g6 4. g3 Bg7 5. Bg2 Nc6 6. O-O Nf6 7. c3 O-O 8. Re1 Bg4
9. h3 Bxf3 10. Bxf3 Ne5 11. Bg2 c4 12. dxc4 Nxc4 13. Nd2 Nxd2 14. Bxd2 Nd7 15.
Kh2 a5 16. f4 a4 17. Rb1 a3 18. b3 Nc5 19. Qc2 Qc7 20. Rbc1 h5 21. Rf1 e5 22.
f5 Qe7 23. b4 Nd7 24. Qb3 Kh8 25. Be3 h4 26. g4 Bf6 27. Qd5 Bg5 28. Bxg5 Qxg5
29. Qxd6 Rfd8 30. Rcd1 Rac8 31. fxg6 Nf8 32. g7+ Kxg7 33. Rf5 Qxf5 34. exf5 Rxd6
35. Rxd6 Rxc3 36. g5 Nh7 37. f6+ Kg6 38. Be4+ Kxg5 39. Bxh7 Rf3 40. Rd2 Kxf6 41.
Be4 Rf4 42. Bxb7 Rxb4 43. Bd5 Ke7 44. Re2 Kd6 45. Bxf7 e4 46. Bb3 Ke5 47. Kg2
Kf4 48. Kf2 Rd4 49. Bc2 Rc4 50. Ke1 e3 51. Bd1 Ke4 52. Rg2 Rc1 53. Ke2 Ra1 54.
Bb3 Rh1 55. Rg4+ Kf5 56. Rxh4 Kg5 57. Rg4+ Kh5 58. Rg3 1-0

[Event "Druzynowe Mistrzostwa Polski Juniorow - Ekstraliga 2018"]
[Site "Kudowa-Zdroj"]
[Date "1899-12-30"]
[Round "2.23"]
[White "Kucharska, Honorata"]
[Black "Swiech, Joanna"]
[Result "0-1"]
[WhiteTitle "WFM"]
[BlackTitle "k"]
[WhiteElo "2029"]
[BlackElo "1832"]

1. e4 e5 2. Nf3 Nc6 3. Bc4 Be7 4. d4 exd4 5. Nxd4 d6 6. Nc3 Nf6 7. Bf4 O-O 8. O-O
Re8 9. Re1 Ne5 10. Bf1 h6 11. Bg3 c6 12. h3 Bf8 13. a3 Bd7 14. f4 Ng6 15. Qf3
Qb6 16. Bf2 Qc7 17. Rad1 Rad8 18. a4 a6 19. Nb3 b5 20. Bd4 Nh7 21. Qf2 c5 22.
Nd5 Qb8 23. Bc3 b4 24. Bd2 Bxa4 25. Bxa6 Ne7 26. Bc4 Nxd5 27. Bxd5 Nf6 28. f5
Nxd5 29. exd5 Rxe1+ 30. Rxe1 Bxb3 31. cxb3 Re8 32. Ra1 Qb7 33. Qf3 Re5 34. Bf4
Rxf5 35. Qg4 Qxd5 36. Bxh6 Rf6 37. Be3 Qxb3 38. Bg5 Re6 39. Rf1 Qxb2 40. Qf5 Qd4+
41. Kh1 Rf6 42. Bxf6 Qxf6 43. Qd3 Qe6 44. Qb5 g6 45. Rd1 d5 46. Qb7 d4 47. Qb5
Bd6 48. Kg1 Qe3+ 49. Kh1 Qe5 50. Kg1 Qh2+ 51. Kf2 Kg7 52. Qc4 Qg3+ 53. Kg1 Qc3
54. Qd5 Qe3+ 55. Kh1 Qe5 0-1

[Event "Druzynowe Mistrzostwa Polski Juniorow - Ekstraliga 2018"]
[Site "Kudowa-Zdroj"]
[Date "1899-12-30"]
[Round "2.24"]
[White "Wikar, Martyna"]
[Black "Kroliczek, Gabriela"]
[Result "1-0"]
[WhiteTitle "I++"]
[BlackTitle "I++"]
[WhiteElo "1955"]
[BlackElo "1736"]

1. d4 f5 2. c4 Nf6 3. Nc3 g6 4. Nf3 Bg7 5. e3 O-O 6. b4 b6 7. c5 Bb7 8. Bc4+ Kh8
9. O-O e6 10. a4 Qe7 11. Ba3 Re8 12. a5 d5 13. Be2 bxa5 14. b5 c6 15. Qa4 Ne4
16. Qxa5 g5 17. Nxe4 fxe4 18. Nd2 e5 19. Nb3 Qd7 20. Bb2 g4 21. dxe5 h5 22. e6
Rxe6 23. Bxg7+ Kxg7 24. Nd4 Rf6 25. Qc3 h4 26. Ra2 h3 27. gxh3 gxh3 28. Kh1 cxb5
29. Rg1+ Kh7 30. Bg4 Qf7 31. Bf5+ Kh6 32. Rg3 Nd7 33. Rxh3+ Kg5 34. Rg3+ Kh6 35.
Ra1 Rxf5 36. Nxf5+ Qxf5 37. Qg7+ Kh5 38. Rag1 Rg8 39. Rh3+ Qxh3 40. Qh7# 1-0

[Event "Druzynowe Mistrzostwa Polski Juniorow - Ekstraliga 2018"]
[Site "Kudowa-Zdroj"]
[Date "1899-12-30"]
[Round "2.25"]
[White "Szustakowski, Antoni"]
[Black "Kosakowski, Jakub"]
[Result "1/2-1/2"]
[WhiteTitle "FM"]
[BlackTitle "FM"]
[WhiteElo "2330"]
[BlackElo "2324"]

1. d4 d5 2. c4 e6 3. Nc3 Nf6 4. Bg5 Be7 5. Nf3 O-O 6. e3 Nbd7 7. Rc1 h6 8. Bh4
c6 9. Bd3 b6 10. cxd5 exd5 11. O-O Bb7 12. Qc2 Re8 13. Rfd1 Ne4 14. Bxe4 Bxh4
15. Bh7+ Kh8 16. Nxh4 Qxh4 17. Bf5 Nf6 18. h3 Re7 19. Qe2 Rae8 20. Qf3 g6 21.
Bb1 Kg7 22. Ne2 Nh5 23. Kh2 Re6 24. Ng3 Nf6 25. Ne2 Nh5 26. Ng3 Rf6 27. Qg4 Qg5
28. Qxg5 hxg5 29. Rd2 Nxg3 30. Kxg3 Rfe6 31. b4 f5 32. a4 Rf6 33. b5 f4+ 34. exf4
gxf4+ 35. Kh2 f3 36. gxf3 Rxf3 37. Bd3 Ref8 38. Rcc2 R8f6 39. Kg2 R3f4 40. bxc6
Bxc6 41. Bb5 Bxb5 42. axb5 Kh6 43. Rc8 Rf3 44. Rd8 R6f5 45. Rd7 Ra3 46. Re2 Rg5+
47. Kh2 Rh5 48. Re3 Ra4 49. Ree7 Rxd4 50. Rxa7 Rf5 51. Kg3 Rd3+ 52. Kg4 Rg5+ 53.
Kf4 Rf5+ 54. Kg4 Rd4+ 55. Kg3 Kg5 56. Rab7 Rd3+ 57. Re3 Rxe3+ 1/2-1/2

[Event "Druzynowe Mistrzostwa Polski Juniorow - Ekstraliga 2018"]
[Site "Kudowa-Zdroj"]
[Date "1899-12-30"]
[Round "2.26"]
[White "Pytel, Maciej"]
[Black "Kowalski, Igor"]
[Result "0-1"]
[WhiteTitle "I++"]
[BlackTitle "FM"]
[WhiteElo "2051"]
[BlackElo "2324"]

1. e4 c6 2. d4 d5 3. e5 Bf5 4. Nd2 e6 5. Nb3 Nd7 6. Nf3 a6 7. Be3 Ne7 8. Be2 h6
9. O-O Bh7 10. Bd2 Nf5 11. Rc1 c5 12. dxc5 Nxc5 13. Nxc5 Bxc5 14. c4 dxc4 15.
Rxc4 Be7 16. Bb4 Qxd1 17. Bxd1 b5 18. Bxe7 bxc4 19. Bc5 f6 20. Nd2 Kf7 21. Nxc4
Rhd8 22. Bf3 Rab8 23. b4 Kg8 24. Re1 Nd4 25. Bg4 Nc2 26. Rf1 Bd3 27. Bxe6+ Kh7
28. Rc1 Nxb4 29. f4 Nxa2 30. Ra1 Nc3 31. Bd6 Rb7 32. g3 Nb5 33. Nb2 Be4 34. Nc4
f5 35. g4 g6 36. Rd1 Nc3 37. Rd2 Re8 38. gxf5 gxf5 39. Bxf5+ Bxf5 40. Ne3 Rb1+
41. Kg2 Rg8+ 42. Kf3 Be4+ 43. Kf2 Rh1 0-1

[Event "Druzynowe Mistrzostwa Polski Juniorow - Ekstraliga 2018"]
[Site "Kudowa-Zdroj"]
[Date "1899-12-30"]
[Round "2.27"]
[White "Iwaszkiewicz, Krzysztof"]
[Black "Karolczuk, Iwo"]
[Result "0-1"]
[WhiteTitle "II+"]
[BlackTitle "I"]
[WhiteElo "1683"]
[BlackElo "1783"]

1. d4 Nf6 2. c4 e6 3. Nc3 Bb4 4. Qc2 O-O 5. a3 Bxc3+ 6. Qxc3 b6 7. Nf3 Bb7 8. e3
d5 9. b4 Nbd7 10. c5 Ne4 11. Qc2 c6 12. Bd3 f5 13. Bb2 Rf6 14. h4 Qe8 15. O-O-O
a5 16. Rdf1 axb4 17. axb4 bxc5 18. dxc5 Rf8 19. Nd2 e5 20. h5 h6 21. Rh3 Ba6 22.
Nxe4 fxe4 23. Bxa6 Rxa6 24. Qc3 Qb8 25. f4 Ra4 26. Ba3 Qa7 27. Kb2 Ra8 28. Ra1
Rxb4+ 29. Qxb4 Rb8 30. Qxb8+ Qxb8+ 31. Ka2 exf4 32. Rb1 Qf8 33. exf4 d4 34. Rb7
Qf7+ 35. Kb1 e3 36. Rf3 Qf5+ 37. Kc1 Nxc5 38. Rg3 Nxb7 0-1

[Event "Druzynowe Mistrzostwa Polski Juniorow - Ekstraliga 2018"]
[Site "Kudowa-Zdroj"]
[Date "1899-12-30"]
[Round "2.28"]
[White "Szydlo, Michal"]
[Black "Rak, Jacek"]
[Result "0-1"]
[WhiteTitle "I"]
[BlackTitle "II"]
[WhiteElo "1697"]
[BlackElo "1457"]

1. e4 c5 2. Nf3 e6 3. d4 cxd4 4. Nxd4 Nf6 5. Nc3 Nc6 6. Ndb5 Bb4 7. a3 Bxc3+ 8.
Nxc3 d5 9. exd5 exd5 10. Bd3 d4 11. Ne2 Bg4 12. f3 Bh5 13. Bb5 Qa5+ 14. Bd2 Qxb5
15. O-O Qb6 16. Kh1 O-O-O 17. Ng3 Bg6 18. b4 Nd5 19. f4 f5 20. Qf3 Rhe8 21. Rfe1
Rxe1+ 22. Rxe1 Nf6 23. h4 h5 24. Qb3 Qc7 25. b5 Nb8 26. Re5 Nbd7 27. Re7 Rg8 28.
Ne2 Re8 29. Rxe8+ Nxe8 30. Nxd4 Nc5 31. Qe3 Ne4 32. Bb4 N8f6 33. Kg1 Nd5 34. Qb3
Qf7 35. Qc4+ Nc7 36. Qxf7 Bxf7 37. Nxf5 g6 38. Nd4 Nd5 39. Be1 Nxf4 40. g3 Nd5
41. Kg2 Kd7 42. Kf3 Nef6 43. c4 Ne7 44. c5 Bd5+ 45. Kf4 Ne4 46. Ke5 Nxc5 47. Kf6
Nd3 48. Bd2 Be4 49. Ne2 Nf2 50. Nf4 Bf5 51. Be1 Ng4+ 52. Kg5 Ke8 53. Bb4 Ne3 54.
Bc5 N3d5 55. Bxa7 Nxf4 56. Kxf4 Nd5+ 57. Ke5 Nc3 58. a4 Nxa4 59. Bd4 b6 60. Kd6
Bd7 0-1

[Event "Druzynowe Mistrzostwa Polski Juniorow - Ekstraliga 2018"]
[Site "Kudowa-Zdroj"]
[Date "1899-12-30"]
[Round "2.29"]
[White "Malicka, Maria"]
[Black "Koruch, Maria"]
[Result "1-0"]
[WhiteTitle "WCM"]
[BlackTitle "I"]
[WhiteElo "2174"]
[BlackElo "1714"]

1. e4 c5 2. Nf3 Nc6 3. d4 cxd4 4. Nxd4 Nf6 5. Nc3 e5 6. Ndb5 d6 7. Bg5 a6 8. Na3
b5 9. Nd5 Be7 10. Bxf6 Bxf6 11. c3 Bg5 12. Nc2 Rb8 13. a4 bxa4 14. Ncb4 Nxb4 15.
cxb4 Bb7 16. Qxa4+ Qd7 17. Bxa6 Bxd5 18. exd5 Qxa4 19. Rxa4 Bd8 20. Ke2 Bb6 21.
Rc1 Ke7 22. Rc6 Rhd8 23. Bd3 Bd4 24. b5 Rb7 25. Raa6 e4 26. Bc4 Bc5 27. f3 exf3+
28. Kxf3 Rdd7 29. Kf4 Rdc7 30. b6 Rd7 31. Bb5 Rd8 32. Rc7+ Rxc7 33. bxc7 Rc8 34.
Rc6 Bb6 35. Rxb6 Rxc7 36. Bc6 Kf6 37. Rb7 Rc8 38. b4 g5+ 39. Ke4 Kg6 40. Rd7 f5+
41. Kd4 f4 42. Rxd6+ Kf5 43. Bd7# Ke4+ 44. Kxe4 1-0

[Event "Druzynowe Mistrzostwa Polski Juniorow - Ekstraliga 2018"]
[Site "Kudowa-Zdroj"]
[Date "1899-12-30"]
[Round "2.30"]
[White "Arciszewska, Zuzanna"]
[Black "Mezykowska, Emilia"]
[Result "0-1"]
[WhiteTitle "I"]
[BlackTitle "I"]
[WhiteElo "1301"]
[BlackElo "1622"]

1. d4 f5 2. Nf3 Nf6 3. e3 g6 4. Bd3 Bg7 5. Nbd2 O-O 6. O-O d6 7. b3 Qe8 8. Bb2
Nc6 9. c4 e5 10. dxe5 dxe5 11. e4 f4 12. a3 Bg4 13. Qc2 Rd8 14. h3 Bc8 15. Rad1
Nd7 16. b4 h6 17. c5 a6 18. Bc4+ Kh8 19. Bd5 g5 20. Nh2 Nf6 21. Nc4 Nxd5 22. exd5
Bf5 23. Qe2 Nd4 24. Bxd4 exd4 25. Qxe8 Rfxe8 26. d6 Be6 27. dxc7 Bxc4 28. cxd8=Q
Rxd8 29. Rfe1 d3 30. Nf3 Bb3 31. Rd2 Bc3 32. g4 Bxd2 33. Nxd2 Bd5 34. f3 Rd7 35.
Kf2 Kg7 36. Re8 Kf7 37. Re5 Kf6 38. Re8 Re7 39. Rxe7 Kxe7 40. Ke1 Ke6 41. a4 Ke5
42. b5 axb5 43. axb5 Kd4 44. c6 bxc6 45. b6 c5 46. Ne4 Ke3 47. Nxc5 d2+ 48. Kd1
Bxf3+ 49. Kc2 d1=Q+ 50. Kc3 Qd4+ 51. Kb3 Qxc5 52. b7 Bxb7 53. Kb2 Kd2 54. Kb1
Qb5+ 55. Ka2 Kc2 56. Ka1 Qb1# 0-1

[Event "Druzynowe Mistrzostwa Polski Juniorow - Ekstraliga 2018"]
[Site "Kudowa-Zdroj"]
[Date "1899-12-30"]
[Round "3.1"]
[White "Kosakowski, Jakub"]
[Black "Lukasiewicz, Krzysztof"]
[Result "1-0"]
[WhiteTitle "FM"]
[BlackTitle "k"]
[WhiteElo "2324"]
[BlackElo "2247"]

1. e4 c6 2. Nc3 d5 3. Nf3 Nf6 4. e5 Ne4 5. Ne2 Qb6 6. d4 e6 7. Ng3 c5 8. Bd3 Nxg3
9. hxg3 Nc6 10. dxc5 Bxc5 11. Qe2 Bd7 12. c3 d4 13. b4 Bf8 14. b5 Ne7 15. cxd4
Nd5 16. Bd2 Ba3 17. Rb1 h6 18. Rb3 Be7 19. g4 Qc7 20. g5 b6 21. gxh6 gxh6 22.
Ng5 Rf8 23. Ne4 O-O-O 24. Nc3 Kb8 25. Nxd5 exd5 26. Rc3 Qb7 27. O-O Rg8 28. Rfc1
Bh3 29. g3 Bg4 30. f3 Be6 31. Kf2 h5 32. Bf4 Qd7 33. Rc6 Bg5 34. Bxg5 Rxg5 35.
Qc2 Rdg8 36. Rc7 Rxg3 37. Qa4 Rg2+ 38. Ke3 Qxc7 39. Rxc7 Kxc7 40. Qxa7+ Kc8 41.
Qa8+ Kd7 42. Qb7+ Ke8 43. Qxb6 Kf8 44. Qd8+ Kg7 45. Qf6+ Kf8 46. a4 Ra2 47. a5
Rgg2 48. b6 Rgb2 49. a6 Ke8 50. Qh8+ Kd7 51. Qb8 Rb3 52. Qd6+ Ke8 53. b7 Rab2
54. a7 1-0

[Event "Druzynowe Mistrzostwa Polski Juniorow - Ekstraliga 2018"]
[Site "Kudowa-Zdroj"]
[Date "1899-12-30"]
[Round "3.2"]
[White "Sernecki, Franciszek"]
[Black "Pytel, Maciej"]
[Result "1/2-1/2"]
[WhiteTitle "I+"]
[BlackTitle "I++"]
[WhiteElo "2175"]
[BlackElo "2051"]

1. Nf3 Nf6 2. e3 e6 3. c4 b6 4. Nc3 Bb7 5. d4 Bb4 6. Bd2 O-O 7. Bd3 d6 8. O-O Nbd7
9. a3 Bxc3 10. Bxc3 Ne4 11. Rc1 f5 12. Qe2 Nxc3 13. Rxc3 e5 14. Bb1 Qf6 15. Rd1
Rad8 16. Rcc1 c5 17. d5 e4 18. Ne1 Rde8 19. b4 Qg5 20. Rc3 Bc8 21. Bc2 Ne5 22.
bxc5 bxc5 23. Ba4 Re7 24. Rb1 f4 25. exf4 Qxf4 26. Rb8 Ng4 27. Rg3 e3 28. f3 Ne5
29. Bc2 Qxc4 30. Qxc4 Nxc4 31. f4 Bb7 32. Bxh7+ Kf7 33. Bg6+ Kg8 34. Bh7+ Kf7
35. Bg6+ Kg8 36. Bh7+ Kf7 37. Bg6+ Kg8 38. Bh7+ Kf7 39. Bg6+ Kg8 40. Bh7+ Kf7
41. Bg6+ 1/2-1/2

[Event "Druzynowe Mistrzostwa Polski Juniorow - Ekstraliga 2018"]
[Site "Kudowa-Zdroj"]
[Date "1899-12-30"]
[Round "3.3"]
[White "Karolczuk, Iwo"]
[Black "Kosior, Jan"]
[Result "1-0"]
[WhiteTitle "I"]
[BlackTitle "II"]
[WhiteElo "1783"]
[BlackElo "1466"]

1. c4 e5 2. g3 Nf6 3. Bg2 c6 4. Nf3 e4 5. Nd4 d5 6. cxd5 Qxd5 7. e3 Bg4 8. Qc2
Na6 9. O-O Nb4 10. Qa4 Be7 11. Nc3 Qh5 12. Nxe4 Nxe4 13. Bxe4 O-O 14. a3 Na6 15.
Bg2 Nc5 16. Qc2 Rad8 17. b4 Ne6 18. Bb2 Ng5 19. f3 Be6 20. Nxe6 Nxe6 21. d4 Bf6
22. f4 Qb5 23. a4 Qb6 24. a5 Qc7 25. a6 b6 26. Qxc6 Qxc6 27. Bxc6 Rc8 28. b5 Rc7
29. Ba3 Rd8 30. Rad1 Be7 31. Bxe7 Rxe7 32. f5 Nc7 33. e4 f6 34. Kf2 Kf8 35. Kf3
Kg8 36. Rfe1 Kf8 37. Kf4 Kf7 38. e5 Nd5+ 39. Bxd5+ Rxd5 40. e6+ Ke8 41. Ke4 Rxb5
42. d5 Rc7 43. d6 Re5+ 44. Kd4 Rec5 45. dxc7 Rxc7 46. Rc1 Rxc1 47. Rxc1 b5 48.
Kd5 b4 49. Kd6 b3 50. Rc8# 1-0

[Event "Druzynowe Mistrzostwa Polski Juniorow - Ekstraliga 2018"]
[Site "Kudowa-Zdroj"]
[Date "1899-12-30"]
[Round "3.4"]
[White "Wieczorek, Mikolaj"]
[Black "Szydlo, Michal"]
[Result "0-1"]
[WhiteTitle "I"]
[BlackTitle "I"]
[WhiteElo "1651"]
[BlackElo "1697"]

1. e4 c5 2. Nf3 d6 3. d4 cxd4 4. Nxd4 Nf6 5. Nc3 a6 6. Bg5 e6 7. f4 Qc7 8. Bxf6
gxf6 9. Qf3 b5 10. O-O-O b4 11. Nce2 h5 12. Qb3 Bb7 13. Qxb4 Bxe4 14. Nc3 Bb7
15. Qa4+ Nd7 16. Rg1 d5 17. g3 Bc5 18. Bh3 O-O-O 19. Rge1 f5 20. Bf1 Qb6 21. Rd3
Qb4 22. Qxb4 Bxb4 23. a3 Bd6 24. Na4 Kb8 25. Rb3 Ka7 26. Rc3 Rc8 27. Nf3 Be7 28.
Rxc8 Rxc8 29. Bd3 Bf6 30. b4 Bc6 31. Nb2 Bb5 32. Bxb5 axb5 33. Nd3 Rc3 34. Nfe5
Nxe5 35. fxe5 Bg5+ 36. Kb2 Rc4 37. a4 Bd2 38. Re2 Bxb4 39. axb5 Kb6 40. Nf4 h4
41. Rf2 hxg3 42. hxg3 Bc3+ 43. Kb3 Bxe5 44. Rf3 Bxf4 45. gxf4 Kxb5 46. c3 Kc5
47. Rf1 Re4 48. Rf3 d4 49. Kc2 dxc3 50. Kxc3 Rd4 51. Rf2 Kd5 52. Rf3 Ke4 53. Rh3
Rd7 54. Rh4 Kf3 55. Kc4 Kg3 56. Rh1 Kxf4 57. Rf1+ Ke5 58. Re1+ Kf6 59. Rf1 e5
60. Rf2 f4 61. Rf3 Kf5 62. Rf2 e4 63. Rf1 f3 64. Rf2 Kf4 65. Rf1 e3 66. Kc3 f2
67. Kc2 Kf3 68. Kc3 0-1

[Event "Druzynowe Mistrzostwa Polski Juniorow - Ekstraliga 2018"]
[Site "Kudowa-Zdroj"]
[Date "1899-12-30"]
[Round "3.5"]
[White "Koruch, Maria"]
[Black "Frej, Zofia"]
[Result "1/2-1/2"]
[WhiteTitle "I"]
[BlackTitle "k"]
[WhiteElo "1714"]
[BlackElo "1938"]

1. e4 c6 2. d4 d5 3. Nc3 dxe4 4. Nxe4 Bf5 5. Ng3 Bg6 6. Nf3 Nd7 7. h4 h6 8. h5
Bh7 9. Bd3 Bxd3 10. Qxd3 e6 11. O-O Qc7 12. Re1 Ngf6 13. Ne5 Nxe5 14. dxe5 Nd5
15. Bd2 O-O-O 16. Qb3 Qb6 17. Qxb6 Nxb6 18. Ba5 Rd5 19. Bxb6 axb6 20. Rad1 Bc5
21. Rxd5 cxd5 22. Kf1 Kd7 23. a3 Ra8 24. Rd1 Ra4 25. b4 Be7 26. Rd3 f6 27. f4
Ke8 28. Rc3 Ra8 29. Ne2 Kd7 30. Nd4 Rf8 31. Rf3 Rc8 32. Ke2 Bf8 33. g4 Be7 34.
Kd3 Rf8 35. c3 Ra8 36. Nc2 Ke8 37. Kd4 fxe5+ 38. Kxe5 Kd7 39. g5 Rf8 40. f5 exf5
41. gxh6 gxh6 42. Nd4 Bd6+ 43. Kxd5 f4 44. Ke4 Re8+ 1/2-1/2

[Event "Druzynowe Mistrzostwa Polski Juniorow - Ekstraliga 2018"]
[Site "Kudowa-Zdroj"]
[Date "1899-12-30"]
[Round "3.6"]
[White "Scisla, Oliwia"]
[Black "Arciszewska, Zuzanna"]
[Result "1-0"]
[WhiteTitle "I+"]
[BlackTitle "I"]
[WhiteElo "1345"]
[BlackElo "1301"]

1. e4 c5 2. Nc3 e6 3. g3 a6 4. Bg2 Nc6 5. d3 Nf6 6. f4 d6 7. Nf3 Qc7 8. O-O Be7
9. h3 b5 10. Ne2 Bb7 11. Be3 d5 12. e5 Nd7 13. c3 Nb6 14. Bf2 c4 15. d4 a5 16.
g4 b4 17. Ng3 g6 18. Qc2 a4 19. f5 a3 20. fxe6 fxe6 21. Be3 axb2 22. Qxb2 Na4
23. Qf2 Kd7 24. cxb4 Nxb4 25. Ne1 Rhf8 26. Qd2 Rxf1+ 27. Bxf1 Qb6 28. Rb1 c3 29.
Qe2 Ba6 30. Qd1 Bxf1 31. Nxf1 Qa6 32. a3 Nc6 33. Bc1 Rf8 34. Nc2 Na5 35. Nb4 Bxb4
36. Qxa4+ Kc8 37. Bh6 Qd3 38. Bxf8 Qxb1 39. Qxb4 Qxb4 40. Bxb4 c2 41. Bd2 Nb3
42. Be3 c1=Q 43. Bxc1 Nxc1 44. Kf2 Kb7 45. Nd2 g5 46. Ke3 Kb6 47. Nf3 h6 48. h4
gxh4 49. Nxh4 Kb5 50. Ng6 Ka4 51. Nf4 Kxa3 52. Nxe6 Kb4 53. Nc7 Kc4 54. e6 Nb3
55. e7 Nxd4 56. e8=Q Nc2+ 57. Kf4 d4 58. Qb5+ Kc3 59. Nd5+ Kd2 60. Nb4 Nxb4 61.
Qxb4+ Kc2 62. Qxd4 Kb3 63. Ke3 Kc2 64. Qd3+ Kc1 65. Qd2+ Kb1 66. Kd3 h5 67. Kc3
hxg4 68. Qb2# 1-0

[Event "Druzynowe Mistrzostwa Polski Juniorow - Ekstraliga 2018"]
[Site "Kudowa-Zdroj"]
[Date "1899-12-30"]
[Round "3.7"]
[White "Szpar, Milosz"]
[Black "Szustakowski, Antoni"]
[Result "1/2-1/2"]
[WhiteTitle "FM"]
[BlackTitle "FM"]
[WhiteElo "2349"]
[BlackElo "2330"]

1. e4 e6 2. d4 d5 3. Nd2 c5 4. exd5 Qxd5 5. Ngf3 cxd4 6. Bc4 Qd6 7. O-O Nc6 8.
Nb3 Nf6 9. Nbxd4 Nxd4 10. Qxd4 Qxd4 11. Nxd4 Bd7 12. Bf4 Rc8 13. Bb3 Bc5 14. Rad1
O-O 15. Rfe1 Rfd8 16. Nf3 Bc6 17. Ne5 Be4 18. c3 Bf5 19. Kf1 h6 20. f3 Kf8 21.
Bg3 Ke7 22. Bf2 Bxf2 23. Kxf2 Nd7 24. Nxd7 Rxd7 25. Rxd7+ Kxd7 26. Rd1+ Ke7 27.
g4 Bg6 28. Ke3 e5 29. f4 exf4+ 30. Kxf4 f6 1/2-1/2

[Event "Druzynowe Mistrzostwa Polski Juniorow - Ekstraliga 2018"]
[Site "Kudowa-Zdroj"]
[Date "1899-12-30"]
[Round "3.8"]
[White "Kowalski, Igor"]
[Black "Mis, Mieszko"]
[Result "1/2-1/2"]
[WhiteTitle "FM"]
[BlackTitle "FM"]
[WhiteElo "2324"]
[BlackElo "2291"]

1. d4 Nf6 2. c4 g6 3. Nc3 d5 4. cxd5 Nxd5 5. e4 Nxc3 6. bxc3 Bg7 7. Nf3 c5 8. Rb1
O-O 9. Be2 cxd4 10. cxd4 Qa5+ 11. Bd2 Qxa2 12. O-O Bg4 13. Bg5 h6 14. Be3 Nc6
15. d5 Na5 16. Rb4 Bxf3 17. gxf3 b6 18. f4 Rfd8 19. Bf3 e6 20. Ra4 Qb2 21. d6
e5 22. Qd5 Qc2 23. Ra2 Qc8 24. fxe5 Nc4 25. Bd4 Qe6 26. Qxe6 fxe6 27. Bg4 Kf7
28. f4 Nxd6 29. Bxb6 axb6 30. Rxa8 Rxa8 31. exd6 Ra1 32. Rxa1 Bxa1 33. Kf2 h5
34. Bd1 e5 35. f5 Bd4+ 36. Kg3 Bc5 37. fxg6+ 1/2-1/2

[Event "Druzynowe Mistrzostwa Polski Juniorow - Ekstraliga 2018"]
[Site "Kudowa-Zdroj"]
[Date "1899-12-30"]
[Round "3.9"]
[White "Chyzy, Jakub"]
[Black "Iwaszkiewicz, Krzysztof"]
[Result "1/2-1/2"]
[WhiteTitle "k"]
[BlackTitle "II+"]
[WhiteElo "2100"]
[BlackElo "1683"]

1. e4 c5 2. Nf3 e6 3. d4 cxd4 4. Nxd4 Nf6 5. Bd3 Nc6 6. Nb3 d5 7. exd5 exd5 8.
O-O Be7 9. Nc3 O-O 10. Bf4 a6 11. a4 d4 12. Ne2 Kh8 13. Re1 Nd5 14. Bd2 Ndb4 15.
Be4 d3 16. Bxd3 Nxd3 17. cxd3 Qxd3 18. Nf4 Qd6 19. Be3 Qxd1 20. Raxd1 Bb4 21.
Bd2 Bd6 22. Be3 Bb4 23. Re2 Bf5 24. Bc5 Rfd8 25. Rc1 g5 26. Bxb4 Nxb4 27. Nh3
h6 28. f3 Bxh3 29. gxh3 Rd3 30. Nc5 Rxf3 31. Nxb7 Nd5 32. Nd6 Rd8 33. Nb7 Nf4
34. Nxd8 Nxe2+ 35. Kg2 Nxc1 36. Kxf3 Nd3 37. b3 Nc5 38. Nxf7+ 1/2-1/2

[Event "Druzynowe Mistrzostwa Polski Juniorow - Ekstraliga 2018"]
[Site "Kudowa-Zdroj"]
[Date "1899-12-30"]
[Round "3.10"]
[White "Rak, Jacek"]
[Black "Czernek, Tymon"]
[Result "0-1"]
[WhiteTitle "II"]
[BlackTitle "I++"]
[WhiteElo "1457"]
[BlackElo "1949"]

1. e4 c5 2. Nf3 d6 3. d4 cxd4 4. Nxd4 Nf6 5. Nc3 a6 6. Be3 e5 7. Nb3 Be7 8. f4
exf4 9. Bxf4 O-O 10. Qd2 Bg4 11. Be2 Bxe2 12. Qxe2 Nc6 13. O-O-O Qc7 14. g4 Ne5
15. g5 Nfd7 16. Nd5 Qd8 17. Rhg1 Re8 18. Qg2 Bf8 19. Nd4 Ng6 20. Nf5 Nc5 21. Rde1
Qc8 22. Kb1 Qc6 23. Nd4 Qa4 24. c3 Qc4 25. Qf3 Qd3+ 26. Qxd3 Nxd3 27. Ref1 Rxe4
28. Bd2 Rae8 29. Kc2 Nc5 30. b4 Ne6 31. Nxe6 R8xe6 32. Rf2 R6e5 33. Nf4 Nh4 34.
Nd3 Re7 35. Nf4 a5 36. a3 R4e5 37. Rg4 Nf5 38. Nd3 Ne3+ 39. Bxe3 Rxe3 40. Kd2
axb4 41. axb4 R3e6 42. h4 b5 43. Rgf4 g6 44. c4 bxc4 45. Rxc4 d5 46. Rcf4 Re4
47. Nc5 R4e5 48. Nd3 R5e6 49. Rf6 Re4 50. R6f4 Rc7 51. Rf1 Bd6 52. Rxe4 dxe4 53.
Nc5 Bxc5 54. bxc5 Rxc5 55. Ra1 Rc4 56. Rh1 Kf8 57. Ke3 Ke7 58. Ra1 Rc3+ 59. Kxe4
Rc4+ 60. Ke5 Rxh4 61. Ra7+ Kf8 62. Ra8+ Kg7 63. Ra1 Rg4 0-1

[Event "Druzynowe Mistrzostwa Polski Juniorow - Ekstraliga 2018"]
[Site "Kudowa-Zdroj"]
[Date "1899-12-30"]
[Round "3.11"]
[White "Swiech, Joanna"]
[Black "Malicka, Maria"]
[Result "0-1"]
[WhiteTitle "k"]
[BlackTitle "WCM"]
[WhiteElo "1832"]
[BlackElo "2174"]

1. d4 Nf6 2. c4 e6 3. Nf3 d5 4. Nc3 Bb4 5. Bg5 h6 6. Bh4 dxc4 7. Qa4+ Nc6 8. a3
Bxc3+ 9. bxc3 Qd5 10. Bxf6 gxf6 11. Qc2 f5 12. a4 Na5 13. Nd2 Bd7 14. e3 O-O-O
15. Qa2 Rhg8 16. Rg1 Bc6 17. g3 e5 18. Bxc4 Nxc4 19. Qxc4 Qd6 20. Qxf7 exd4 21.
cxd4 Rdf8 22. Qb3 f4 23. Ke2 fxe3 24. fxe3 Qd7 25. Rgf1 Qh3 26. Kd3 Qxh2 27. Rxf8+
Rxf8 28. Rf1 Re8 29. Nc4 Be4+ 30. Kc3 Qxg3 31. Qb5 Bc6 32. Qc5 Kb8 33. Rf8 Qe1+
34. Kb3 Qb1+ 35. Kc3 Qa1+ 36. Kd2 Qxa4 37. Qe7 a6 38. Rxe8+ Bxe8 39. Qd8+ Ka7
40. Qxc7 Qc6 41. Qd8 Bg6 42. Nd6 Qc2+ 43. Ke1 Qc3+ 44. Kf1 Bd3+ 45. Kg1 Qe1+ 46.
Kh2 Qe2+ 47. Kh1 Qh5+ 48. Kg2 Qg4+ 49. Kh2 Qe2+ 50. Kh1 Qh5+ 51. Kg2 Qg5+ 52.
Qxg5 hxg5 53. e4 Kb6 54. Kf3 Kc7 55. e5 b5 56. Ke3 Bc4 57. Ne4 b4 58. Nxg5 a5
59. Ne4 a4 60. Kd2 a3 61. Kc1 Kc6 62. Nc5 Kd5 63. e6 Kxd4 64. e7 Bf7 65. Nb3+
Kc3 66. Na1 a2 0-1

[Event "Druzynowe Mistrzostwa Polski Juniorow - Ekstraliga 2018"]
[Site "Kudowa-Zdroj"]
[Date "1899-12-30"]
[Round "3.12"]
[White "Mezykowska, Emilia"]
[Black "Wikar, Martyna"]
[Result "0-1"]
[WhiteTitle "I"]
[BlackTitle "I++"]
[WhiteElo "1622"]
[BlackElo "1955"]

1. e4 c6 2. d4 d5 3. e5 Bf5 4. h4 h5 5. Nc3 e6 6. Bd3 Bxd3 7. Qxd3 c5 8. dxc5 Nc6
9. Nf3 Bxc5 10. O-O Nh6 11. Bxh6 Rxh6 12. Qb5 Qb6 13. Qxb6 Bxb6 14. Rad1 O-O-O
15. Rfe1 Rd7 16. Nb5 Bc5 17. c3 Rh8 18. Nbd4 Kb8 19. Kf1 Rc8 20. Re2 a6 21. g3
Na5 22. Ke1 b5 23. a3 Nc4 24. Ra1 Rb7 25. b4 Bxd4 26. cxd4 Rbc7 27. Rc2 Nxe5 28.
Nxe5 Rxc2 29. Nd7+ Ka7 30. Nc5 Rc4 31. Rd1 Re8 32. f4 Rc3 33. Rd3 Rxd3 34. Nxd3
f6 35. Kd2 Kb6 36. Ke3 a5 37. Nc5 axb4 38. axb4 Kc6 39. Nd3 Ra8 40. Nc5 Ra3+ 41.
Kf2 Kd6 42. Nb7+ Ke7 43. Nc5 Ra2+ 44. Ke3 Rb2 45. Nd3 Rb3 46. Kd2 Kd6 47. Ke2
Rb1 48. Ke3 Ra1 49. Kf2 Ra3 50. Ke3 Rc3 51. Kd2 Rc4 52. Ke3 g6 53. Kd2 Rxd4 54.
Kc3 e5 55. fxe5+ fxe5 56. Kc2 e4 57. Ne1 Rxb4 58. Kd1 Rb1+ 59. Ke2 Rxe1+ 60. Kxe1
Ke5 0-1

[Event "Druzynowe Mistrzostwa Polski Juniorow - Ekstraliga 2018"]
[Site "Kudowa-Zdroj"]
[Date "1899-12-30"]
[Round "3.13"]
[White "Pacan-milej, Kosma"]
[Black "Koziol, Kamil"]
[Result "1-0"]
[WhiteTitle "FM"]
[BlackTitle "FM"]
[WhiteElo "2282"]
[BlackElo "2257"]

1. e4 c5 2. Nf3 d6 3. d4 cxd4 4. Qxd4 a6 5. c4 Nc6 6. Qe3 g6 7. h3 Bg7 8. Be2 Nf6
9. O-O Nd7 10. Nc3 O-O 11. Rb1 Nde5 12. b3 f5 13. Bb2 f4 14. Qd2 Nxf3+ 15. Bxf3
Ne5 16. Qe2 b5 17. Nd5 Rb8 18. cxb5 axb5 19. Rfc1 b4 20. Bxe5 Bxe5 21. Bg4 Kh8
22. Bxc8 Rxc8 23. Qg4 Rxc1+ 24. Rxc1 e6 25. Nc7 Qf6 26. Qxe6 Qg5 27. Qg4 Qxg4
28. hxg4 f3 29. Nd5 Bd4 30. Rc2 Bc5 31. Rd2 fxg2 32. Kxg2 Kg7 33. f4 g5 34. f5
Rh8 35. Rc2 Re8 36. Kf3 Kf7 37. Nc7 Rc8 38. Na6 Ra8 39. Nxc5 dxc5 40. e5 Ra5 41.
Ke4 h6 42. e6+ Ke7 43. Rd2 Ra6 44. Ke5 Ra5 45. f6+ 1-0